[Event "Catalunya Valles West-ch U14"]
[Site "Catalunya"]
[Date "2013.01.26"]
[Round "1.4"]
[White "Boixader Arbo, Xavier"]
[Black "Reinoso Romero, Jordi"]
[Result "1-0"]
[WhiteElo "1790"]
[BlackElo "1700"]
[PlyCount "51"]
[EventDate "2013.01.26"]
[EventType "swiss"]
[EventRounds "5"]
[EventCountry "ESP"]
[SourceTitle "EXT 2024"]
[Source "ChessBase"]
[SourceDate "2023.10.10"]
[SourceVersion "1"]
[SourceVersionDate "2023.10.10"]
[SourceQuality "1"]

1. e4 e5 2. Nf3 Nc6 3. d4 f6 4. c3 exd4 5. cxd4 Bb4+ 6. Nc3 Bxc3+ 7. bxc3 Nge7 8. Qb3 Na5 9. Qd1 d5 10. e5 f5 11. Bd3 Bd7 12. 0-0 a6 13. Qe2 Nec6 14. e6 Bc8 15. Bxf5 Ne7 16. Bg4 Qd6 17. Ng5 Qb6 18. Kh1 h6 19. Nf7 Rf8 20. f4 g6 21. Nxh6 Nf5 22. Bxf5 gxf5 23. Ba3 Rh8 24. Qh5+ Kd8 25. Nf7+ Ke8 26. Qxh8# 1-0

[Event "Valles Occidental-ch U14 qual"]
[Site "Sabadell"]
[Date "2012.01.21"]
[Round "1.5"]
[White "Garcia Acosta, Carla"]
[Black "Reinoso Romero, Jordi"]
[Result "1-0"]
[WhiteElo "1793"]
[BlackElo "1700"]
[PlyCount "65"]
[EventDate "2012.01.21"]
[EventType "swiss"]
[EventRounds "6"]
[EventCountry "ESP"]
[SourceTitle "EXT 2024"]
[Source "ChessBase"]
[SourceDate "2023.10.10"]
[SourceVersion "1"]
[SourceVersionDate "2023.10.10"]
[SourceQuality "1"]

1. e4 e5 2. Nf3 Nc6 3. Bc4 Be7 4. c3 Nh6 5. h3 d6 6. d3 Be6 7. Bb3 Qd7 8. Ng5 Bxg5 9. Bxg5 f6 10. Bxe6 Qxe6 11. Be3 d5 12. Qb3 Rd8 13. 0-0 Na5 14. Qb5+ Nc6 15. Nd2 a6 16. Qxb7 Rb8 17. Qxa6 Rb6 18. Bxb6 cxb6 19. Qa8+ Nd8 20. Qxd5 Qxd5 21. exd5 Nf5 22. a4 Nb7 23. b4 0-0 24. a5 Ra8 25. axb6 Rxa1 26. Rxa1 Nfd6 27. Ne4 Nxe4 28. dxe4 Kf7 29. Ra7 Ke7 30. Rxb7+ Kd6 31. Rxg7 h5 32. b7 h4 33. b8Q# 1-0

[Event "Catalunya-ch U12"]
[Site "Sabadell"]
[Date "2010.02.20"]
[Round "5"]
[White "Reinoso Romero, Jordi"]
[Black "Pocino Perez, Alex"]
[Result "0-1"]
[WhiteElo "1700"]
[BlackElo "1700"]
[PlyCount "42"]
[EventDate "2010.01.16"]
[EventType "swiss"]
[EventRounds "6"]
[EventCountry "ESP"]
[SourceTitle "EXT 2024"]
[Source "ChessBase"]
[SourceDate "2023.10.10"]
[SourceVersion "1"]
[SourceVersionDate "2023.10.10"]
[SourceQuality "1"]

1. e4 e5 2. Nf3 Nc6 3. Bb5 Nf6 4. Nc3 Bc5 5. a3 0-0 6. b4 Bd6 7. 0-0 a6 8. Ba4 b5 9. Bb3 Nh5 10. g4 Nf4 11. Ne2 Nxe2+ 12. Qxe2 Nd4 13. Nxd4 exd4 14. c3 Be5 15. cxd4 Bxd4 16. Rb1 d6 17. h4 Qxh4 18. d3 Be5 19. f3 Bd4+ 20. Kg2 Be5 21. Bb2 Qh2# 0-1

[Event "Catalunya-ch U12"]
[Site "Sabadell"]
[Date "2010.01.30"]
[Round "3"]
[White "Reinoso Romero, Jordi"]
[Black "Onieva Prieto, Alex"]
[Result "1/2-1/2"]
[WhiteElo "1700"]
[BlackElo "1700"]
[PlyCount "50"]
[EventDate "2010.01.16"]
[EventType "swiss"]
[EventRounds "6"]
[EventCountry "ESP"]
[SourceTitle "EXT 2024"]
[Source "ChessBase"]
[SourceDate "2023.10.10"]
[SourceVersion "1"]
[SourceVersionDate "2023.10.10"]
[SourceQuality "1"]

1. Nf3 d5 2. Nc3 c6 3. d4 Bg4 4. h3 Bf5 5. g4 Bd7 6. Bg5 f6 7. Bf4 Be6 8. e3 Nd7 9. Qe2 Qa5 10. a4 0-0-0 11. Qd2 b6 12. Nb1 Qxd2+ 13. Nbxd2 g6 14. h4 Bxg4 15. Nh2 Bf5 16. b4 c5 17. dxc5 bxc5 18. bxc5 Nxc5 19. c4 dxc4 20. Nxc4 e5 21. Bg3 e4 22. Rd1 Rxd1+ 23. Kxd1 h5 24. Nd6+ Bxd6 25. Bxd6 Nxa4 1/2-1/2

[Event "Catalunya-ch U12"]
[Site "Sabadell"]
[Date "2010.01.23"]
[Round "2"]
[White "Moreno Serrano, Manel II"]
[Black "Reinoso Romero, Jordi"]
[Result "1/2-1/2"]
[WhiteElo "1700"]
[BlackElo "1700"]
[PlyCount "55"]
[EventDate "2010.01.16"]
[EventType "swiss"]
[EventRounds "6"]
[EventCountry "ESP"]
[SourceTitle "EXT 2024"]
[Source "ChessBase"]
[SourceDate "2023.10.10"]
[SourceVersion "1"]
[SourceVersionDate "2023.10.10"]
[SourceQuality "1"]

1. e4 e5 2. Nf3 Nc6 3. Bc4 Nh6 4. Nc3 a5 5. d3 d6 6. Bg5 f6 7. Bxh6 gxh6 8. a3 Bg4 9. Nd5 Bxf3 10. Qxf3 Bg7 11. 0-0 b6 12. Bb5 Kd7 13. Qf5+ Ke8 14. Bxc6+ Kf7 15. Bxa8 Qxa8 16. Qd7+ Kg6 17. Qg4+ Kf7 18. Nxc7 Qb7 19. Qd7+ Kg6 20. Qxd6 Rc8 21. Qd7 Rxc7 22. Qe8+ Rf7 23. c3 f5 24. Rfe1 f4 25. Qe6+ Kh5 26. Qh3+ Kg6 27. g3 f3 28. Re3 1/2-1/2